[Event "Klatovy op-A 23rd"]
[Site "Klatovy"]
[Date "2017.07.06"]
[Round "6"]
[White "Richter, Martin"]
[Black "Kopriva, Martin"]
[Result "0-1"]
[WhiteElo "1945"]
[BlackElo "2061"]
[PlyCount "76"]
[EventDate "2017.07.01"]
[EventType "swiss"]
[EventRounds "9"]
[EventCountry "CZE"]
[SourceTitle "EXT 2018"]
[Source "ChessBase"]
[SourceDate "2017.10.13"]
[SourceVersion "1"]
[SourceVersionDate "2017.10.13"]
[SourceQuality "1"]

1. e4 g6 2. d4 Bg7 3. Nc3 d6 4. Be2 Nf6 5. h4 h5 6. Nf3 c6 7. a4 Qc7 8. Ng5 e5 9. dxe5 dxe5 10. Bc4 0-0 11. Be3 Qe7 12. f3 Na6 13. Qe2 Nc7 14. Qf2 Qb4 15. Bb3 b6 16. a5 Be6 17. Ra4 Qe7 18. axb6 axb6 19. Nxe6 Nxe6 20. Bxb6 Rxa4 21. Nxa4 Qb4+ 22. Qd2 Qb5 23. Be3 Rd8 24. Qe2 Qa5+ 25. Kf2 Nf4 26. Qe1 Qb5 27. Nc5 Bf8 28. g3 Bxc5 29. gxf4 exf4 30. Bxc5 Qxc5+ 31. Kg2 Qe5 32. Qe2 Ng4 33. Rg1 Ne3+ 34. Kh3 Kg7 35. Rg5 Qc7 36. e5 Rd1 37. Kh2 Qd8 38. Rg2 Qxh4# 0-1

[Event "Klatovy op-A 23rd"]
[Site "Klatovy"]
[Date "2017.07.04"]
[Round "4"]
[White "Richter, Martin"]
[Black "Skypala, Ondrej"]
[Result "1-0"]
[WhiteElo "1945"]
[BlackElo "1685"]
[PlyCount "45"]
[EventDate "2017.07.01"]
[EventType "swiss"]
[EventRounds "9"]
[EventCountry "CZE"]
[SourceTitle "EXT 2018"]
[Source "ChessBase"]
[SourceDate "2017.10.13"]
[SourceVersion "1"]
[SourceVersionDate "2017.10.13"]
[SourceQuality "1"]

1. e4 e6 2. d4 d5 3. Nc3 Nf6 4. Bg5 Be7 5. e5 Nfd7 6. h4 h6 7. Bxe7 Qxe7 8. Nb5 Nb6 9. Bd3 a6 10. Nc3 Nc6 11. Qg4 f5 12. exf6 Qxf6 13. Qg6+ Ke7 14. Nf3 Bd7 15. 0-0-0 Kd6 16. Qg3+ e5 17. dxe5+ Nxe5 18. Rhe1 Rhe8 19. Be4 Kc5 20. Nxd5 Qe6 21. b4+ Kc4 22. Rd4+ Kb5 23. Nxc7+ 1-0

[Event "Klatovy op-A"]
[Site "Klatovy"]
[Date "2013.07.04"]
[Round "6"]
[White "Kaderabek, Jiri"]
[Black "Richter, Martin"]
[Result "0-1"]
[WhiteElo "2234"]
[BlackElo "1996"]
[PlyCount "60"]
[EventDate "2013.06.29"]
[EventType "swiss"]
[EventRounds "9"]
[EventCountry "CZE"]
[SourceTitle "EXT 2014"]
[Source "ChessBase"]
[SourceDate "2013.11.20"]
[SourceVersion "1"]
[SourceVersionDate "2013.11.20"]
[SourceQuality "1"]

1. e4 e6 2. d4 d5 3. Nc3 Bb4 4. e5 c5 5. a3 Bxc3+ 6. bxc3 Qc7 7. Qg4 f5 8. exf6 Nxf6 9. Qg3 Qxg3 10. hxg3 Nc6 11. Nf3 0-0 12. Bd3 c4 13. Be2 Ne4 14. Ng5 Nxc3 15. Nxh7 Nxe2 16. Be3 Nexd4 17. 0-0-0 e5 18. Nxf8 Bf5 19. c3 Nb3+ 20. Kb2 d4 21. g4 Bxg4 22. f3 Rxf8 23. cxd4 exd4 24. Bf2 Be6 25. Rde1 c3+ 26. Kc2 Bc4 27. Rh4 Rd8 28. Reh1 Rd7 29. Re1 b5 30. g4 d3+ 0-1

[Event "Klatovy op-A"]
[Site "Klatovy"]
[Date "2013.07.03"]
[Round "5"]
[White "Richter, Martin"]
[Black "Markovic, Ivan1111"]
[Result "1-0"]
[WhiteElo "1996"]
[BlackElo "2174"]
[PlyCount "103"]
[EventDate "2013.06.29"]
[EventType "swiss"]
[EventRounds "9"]
[EventCountry "CZE"]
[SourceTitle "EXT 2014"]
[Source "ChessBase"]
[SourceDate "2013.11.20"]
[SourceVersion "1"]
[SourceVersionDate "2013.11.20"]
[SourceQuality "1"]

1. e4 d6 2. f4 c5 3. Nc3 Nc6 4. Nf3 e6 5. Bb5 Bd7 6. 0-0 a6 7. Bxc6 Bxc6 8. d4 cxd4 9. Nxd4 Qb6 10. Kh1 Nf6 11. Nxc6 Qxc6 12. Qf3 Be7 13. Be3 b5 14. e5 Qxf3 15. Rxf3 dxe5 16. fxe5 Ng4 17. Bd4 Rd8 18. Ne2 h5 19. h3 Nh6 20. Rd3 0-0 21. Rad1 Nf5 22. Bb6 Rc8 23. c3 h4 24. Nd4 Ng3+ 25. Kh2 g6 26. Nf3 Nf5 27. Rd7 Bc5 28. Bxc5 Rxc5 29. Ra7 Rc6 30. Rdd7 b4 31. Ng5 bxc3 32. Nxf7 Rb8 33. bxc3 Rxc3 34. Nd6 Re3 35. Nxf5 gxf5 36. Rg7+ Kh8 37. Rge7 Rxe5 38. Rxa6 Kg8 39. a4 Re4 40. a5 Kf8 41. Rexe6 Rxe6 42. Rxe6 Kf7 43. Rb6 Rc8 44. Rb2 Ra8 45. Ra2 Ra6 46. Kg1 Kf6 47. Kf2 Kg5 48. Kf3 Kg6 49. Kf4 Kf6 50. Ra4 Ra7 51. a6 Ke6 52. Kg5 1-0

[Event "Klatovy op-A"]
[Site "Klatovy"]
[Date "2013.07.02"]
[Round "4"]
[White "Litvinova, Oxana"]
[Black "Richter, Martin"]
[Result "0-1"]
[WhiteElo "1691"]
[BlackElo "1996"]
[PlyCount "62"]
[EventDate "2013.06.29"]
[EventType "swiss"]
[EventRounds "9"]
[EventCountry "CZE"]
[SourceTitle "EXT 2014"]
[Source "ChessBase"]
[SourceDate "2013.11.20"]
[SourceVersion "1"]
[SourceVersionDate "2013.11.20"]
[SourceQuality "1"]

1. e4 e6 2. d4 d5 3. exd5 exd5 4. c4 dxc4 5. Bxc4 Nf6 6. Nc3 Be7 7. Nge2 0-0 8. 0-0 Nbd7 9. Ng3 Nb6 10. Bb3 Nfd5 11. a3 Be6 12. Bc2 Re8 13. Qd3 g6 14. Nce2 Bf6 15. Rd1 Qd7 16. Bh6 Bh8 17. Rac1 Ne7 18. Bb3 Nbd5 19. Bxd5 Nxd5 20. h4 c6 21. h5 Bg7 22. Bg5 h6 23. Bf4 g5 24. Bd2 Rad8 25. f4 gxf4 26. Nxf4 Nxf4 27. Bxf4 Qxd4+ 28. Qe3 Qxe3+ 29. Bxe3 Rxd1+ 30. Rxd1 Bb3 31. Rd3 Bc4 0-1

[Event "Klatovy op-A"]
[Site "Klatovy"]
[Date "2013.06.29"]
[Round "1"]
[White "Richter, Martin"]
[Black "Simek, Petr"]
[Result "0-1"]
[WhiteElo "1996"]
[BlackElo "2378"]
[PlyCount "80"]
[EventDate "2013.06.29"]
[EventType "swiss"]
[EventRounds "9"]
[EventCountry "CZE"]
[SourceTitle "EXT 2014"]
[Source "ChessBase"]
[SourceDate "2013.11.20"]
[SourceVersion "1"]
[SourceVersionDate "2013.11.20"]
[SourceQuality "1"]

1. e4 e5 2. Nc3 Nf6 3. f4 d5 4. fxe5 Nxe4 5. Nf3 Bc5 6. d4 Bb4 7. Bd2 Bg4 8. Be2 Nc6 9. 0-0 Bxf3 10. Bxf3 Nxd4 11. Bxe4 dxe4 12. Nxe4 Bxd2 13. Qxd2 Ne6 14. Rad1 Qxd2 15. Rxd2 Rd8 16. Rxd8+ Nxd8 17. Nc5 b6 18. Na6 Kd7 19. Rd1+ Kc8 20. Nb4 Re8 21. Nd3 Re7 22. Kf2 c5 23. c4 Nc6 24. Re1 Rd7 25. Re3 Rd4 26. b3 Kd7 27. Kf3 Ke7 28. Kf2 Ke6 29. Kf3 Rxd3 30. Rxd3 Nxe5+ 31. Ke4 f5+ 32. Ke3 f4+ 33. Ke4 Nxd3 34. Kxd3 Ke5 35. g3 g5 36. g4 a6 37. a3 b5 38. cxb5 axb5 39. a4 c4+ 40. bxc4 bxa4 0-1

[Event "Liberec op 11th"]
[Site "Liberec"]
[Date "2010.10.26"]
[Round "4"]
[White "Richter, Martin"]
[Black "Krivanek, Vladimir"]
[Result "0-1"]
[WhiteElo "1975"]
[BlackElo "2131"]
[PlyCount "68"]
[EventDate "2010.10.23"]
[EventType "swiss"]
[EventRounds "9"]
[EventCountry "CZE"]
[SourceTitle "EXT 2011"]
[Source "ChessBase"]
[SourceDate "2010.11.26"]
[SourceVersion "1"]
[SourceVersionDate "2010.11.26"]
[SourceQuality "1"]

1. e4 c6 2. d4 d5 3. exd5 cxd5 4. c4 Nf6 5. Nc3 Nc6 6. Bg5 dxc4 7. Be3 e6 8. Bxc4 a6 9. Nf3 b5 10. Bb3 Bb7 11. 0-0 Nb4 12. Ne5 Bd6 13. a4 Nbd5 14. axb5 Nxc3 15. bxc3 axb5 16. Qe2 0-0 17. Qxb5 Rb8 18. Qa4 Nd5 19. Qd7 Nxc3 20. Qxd8 Rfxd8 21. Bc4 Rbc8 22. Ba6 Bxa6 23. Rxa6 Bxe5 24. dxe5 Ne2+ 25. Kh1 Rd5 26. f4 Rd3 27. Bb6 h6 28. g4 Rc4 29. f5 Rxg4 30. fxe6 fxe6 31. Ba7 Rh4 32. Bf2 Rf3 33. Raa1 Rhf4 34. Ra2 Rxf2 0-1

[Event "Liberec op 11th"]
[Site "Liberec"]
[Date "2010.10.24"]
[Round "2"]
[White "Richter, Martin"]
[Black "Plischki, Sebastian"]
[Result "0-1"]
[WhiteElo "1975"]
[BlackElo "2358"]
[PlyCount "110"]
[EventDate "2010.10.23"]
[EventType "swiss"]
[EventRounds "9"]
[EventCountry "CZE"]
[SourceTitle "EXT 2011"]
[Source "ChessBase"]
[SourceDate "2010.11.26"]
[SourceVersion "1"]
[SourceVersionDate "2010.11.26"]
[SourceQuality "1"]

1. e4 c5 2. Nc3 d6 3. f4 g6 4. Nf3 Bg7 5. g3 Nc6 6. Bg2 e6 7. d3 Nge7 8. 0-0 0-0 9. Be3 b6 10. Qd2 Bb7 11. Rae1 Nd4 12. Nd1 Qd7 13. c3 Nxf3+ 14. Bxf3 f5 15. Nf2 d5 16. exd5 Nxd5 17. d4 Nxe3 18. Rxe3 Bxf3 19. Rxf3 cxd4 20. Rd1 Qc6 21. Rd3 dxc3 22. bxc3 Rac8 23. Qe3 Rfe8 24. Rc1 Red8 25. Rxd8+ Rxd8 26. Nd3 Bf8 27. Re1 Qd5 28. Nb4 Qc5 29. Qxc5 Bxc5+ 30. Kf1 a5 31. Nc6 Rd3 32. Rxe6 Rxc3 33. Re2 a4 34. Ne5 b5 35. Rd2 Bf8 36. Rd8 Rc1+ 37. Ke2 Rc2+ 38. Kd3 Rxa2 39. Nd7 b4 40. Rxf8+ Kg7 41. Rb8 b3 42. Nc5 Rxh2 43. Nxa4 Rg2 44. Rxb3 Rxg3+ 45. Kc4 Rxb3 46. Kxb3 Kh6 47. Kc4 Kh5 48. Kd3 Kg4 49. Ke3 Kg3 50. Nc3 h5 51. Ne2+ Kg2 52. Nd4 h4 53. Nf3 h3 54. Ke2 h2 55. Nxh2 Kxh2 0-1

[Event "Regionalliga SO 0708"]
[Site "Bayern"]
[Date "2008.04.20"]
[Round "9.2"]
[White "Richter, Martin"]
[Black "Maksimovic, Marko"]
[Result "1/2-1/2"]
[WhiteElo "2093"]
[BlackElo "2119"]
[PlyCount "25"]
[EventDate "2007.10.21"]
[EventType "team-tourn"]
[EventRounds "9"]
[EventCountry "GER"]
[SourceTitle "EXT 2009"]
[Source "ChessBase"]
[SourceDate "2008.11.26"]
[SourceVersion "1"]
[SourceVersionDate "2008.11.26"]
[SourceQuality "1"]
[WhiteTeam "Pang/Rosenheim II"]
[BlackTeam "Ebersberg"]
[WhiteTeamCountry "GER"]
[BlackTeamCountry "GER"]

1. d4 Nf6 2. c4 g6 3. Nc3 d5 4. cxd5 Nxd5 5. Nf3 Bg7 6. Qb3 Nxc3 7. bxc3 0-0 8. e3 Nd7 9. a4 c5 10. Ba3 Qc7 11. Be2 b6 12. 0-0 Bb7 13. Bb5 1/2-1/2

[Event "Regionalliga SO 0607"]
[Site "Bayern"]
[Date "2007.04.22"]
[Round "9.3"]
[White "Richter, Martin"]
[Black "Hofmann, Juergen2222"]
[Result "0-1"]
[WhiteElo "2103"]
[BlackElo "2152"]
[PlyCount "82"]
[EventDate "2006.10.15"]
[EventType "team-tourn"]
[EventRounds "9"]
[EventCountry "GER"]
[SourceTitle "EXT 2008"]
[Source "ChessBase"]
[SourceDate "2007.11.25"]
[SourceVersion "1"]
[SourceVersionDate "2007.11.25"]
[SourceQuality "1"]
[WhiteTeam "Pang/Rosenheim II"]
[BlackTeam "Graefelfing"]
[WhiteTeamCountry "GER"]
[BlackTeamCountry "GER"]

1. d4 Nf6 2. c4 c5 3. Nf3 cxd4 4. Nxd4 Nc6 5. Nc3 e6 6. e3 Bb4 7. Qc2 d5 8. Nxc6 bxc6 9. Bd2 0-0 10. Be2 e5 11. a3 Bd6 12. b4 Be6 13. 0-0 Qe7 14. Na4 Ne4 15. c5 Bc7 16. Bd3 f5 17. f3 Nxd2 18. Qxd2 e4 19. Be2 exf3 20. Bxf3 Rae8 21. Rae1 Be5 22. Nc3 Bc8 23. Qd3 Bf6 24. Kf2 Qe5 25. Rc1 Bg5 26. Nd1 f4 27. b5 Bf5 28. Qb3 Rb8 29. a4 fxe3+ 30. Nxe3 Qxh2 31. Rh1 Bh4+ 32. Ke2 Qg3 33. Nxf5 Qf2+ 34. Kd3 Rxf5 35. Rhf1 Qg3 36. Kc2 Qe5 37. b6 axb6 38. cxb6 Rf4 39. a5 Bf6 40. Rf2 Rc4+ 41. Kd1 Qd4+ 0-1

[Event "Regionalliga SO 0001"]
[Site "Bayern"]
[Date "2001.04.09"]
[Round "9"]
[White "Richter, Martin"]
[Black "Stroeher, Wolfgang"]
[Result "1-0"]
[WhiteElo "1970"]
[BlackElo "2020"]
[PlyCount "81"]
[EventDate "2000.10.15"]
[EventType "team-tourn"]
[EventRounds "9"]
[EventCountry "GER"]
[SourceTitle "EXT 2020"]
[Source "ChessBase"]
[SourceDate "2019.10.17"]
[SourceVersion "1"]
[SourceVersionDate "2019.10.17"]
[SourceQuality "1"]
[WhiteTeam "Pang/Rosenheim II"]
[BlackTeam "Straubing SC"]
[WhiteTeamCountry "GER"]
[BlackTeamCountry "GER"]

1. d4 d5 2. Nf3 Bg4 3. Ne5 Bh5 4. g4 Bg6 5. h4 h5 6. Nxg6 fxg6 7. Qd3 Qd6 8. Rg1 Nc6 9. gxh5 0-0-0 10. Rxg6 Nf6 11. Bg5 Qb4+ 12. Nc3 Qxd4 13. Qxd4 Nxd4 14. 0-0-0 Nc6 15. h6 gxh6 16. Bxf6 exf6 17. Bh3+ Kb8 18. Nxd5 Ne5 19. Rxf6 Bg7 20. Rf5 Nc4 21. b3 Nd6 22. Rf3 Rhe8 23. e3 c6 24. Nf4 Rf8 25. Rg3 Be5 26. Rg6 Nb5 27. Rxd8+ Rxd8 28. Nd3 Bc3 29. Be6 Nd6 30. Rxh6 Ne4 31. Rg6 Bd2+ 32. Kd1 Bc3 33. Ke2 Nf6 34. Rg1 Rh8 35. Rh1 Rh5 36. Bf7 Ra5 37. a4 Ne4 38. Bc4 Nf6 39. Nf4 Nd5 40. Kf3 Ne7 41. Bd3 1-0

[Event "Regionalliga SO 9900"]
[Site "Bayern"]
[Date "2000.??.??"]
[Round "5.1"]
[White "Zenker, Ulrich"]
[Black "Richter, Martin"]
[Result "1-0"]
[WhiteElo "2250"]
[BlackElo "1970"]
[PlyCount "67"]
[EventDate "1999.??.??"]
[EventType "team-tourn"]
[EventRounds "9"]
[EventCountry "GER"]
[SourceTitle "EXT 2020"]
[Source "ChessBase"]
[SourceDate "2019.10.17"]
[SourceVersion "1"]
[SourceVersionDate "2019.10.17"]
[SourceQuality "1"]
[WhiteTeam "Ebersberg Grafing"]
[BlackTeam "Pang/Rosenheim II"]
[WhiteTeamCountry "GER"]
[BlackTeamCountry "GER"]

1. d4 d5 2. Nf3 Nf6 3. g3 c5 4. Bg2 cxd4 5. Nxd4 e5 6. Nb3 Nc6 7. Bg5 Be6 8. Bxf6 gxf6 9. 0-0 Qd7 10. Nc3 0-0-0 11. e4 d4 12. Nd5 f5 13. Qh5 Kb8 14. Rfe1 fxe4 15. Nf6 Qc8 16. Nxe4 Bg4 17. Qxf7 Rd7 18. Qc4 Rc7 19. Qb5 Nb4 20. Nec5 Bxc5 21. Nxc5 Rxc5 22. Qxb4 Rxc2 23. Rxe5 Rc1+ 24. Rxc1 Qxc1+ 25. Re1 Qc8 26. Qd6+ Ka8 27. Qxd4 h5 28. Bxb7+ Kxb7 29. Re7+ Kc6 30. Qf6+ Kd5 31. Re5+ Kc4 32. Qf4+ Kd3 33. Qe3+ Kc4 34. Qe4# 1-0

[Event "Regionalliga SO 9900"]
[Site "Bayern"]
[Date "1999.??.??"]
[Round "3.1"]
[White "Danzer, George"]
[Black "Richter, Martin"]
[Result "0-1"]
[WhiteElo "2085"]
[BlackElo "1970"]
[PlyCount "38"]
[EventDate "1999.??.??"]
[EventType "team-tourn"]
[EventRounds "9"]
[EventCountry "GER"]
[SourceTitle "EXT 2020"]
[Source "ChessBase"]
[SourceDate "2019.10.17"]
[SourceVersion "1"]
[SourceVersionDate "2019.10.17"]
[SourceQuality "1"]
[WhiteTeam "Dorfen PSV"]
[BlackTeam "Pang/Rosenheim II"]
[WhiteTeamCountry "GER"]
[BlackTeamCountry "GER"]

1. e4 e5 2. f4 d5 3. exd5 c6 4. Qe2 cxd5 5. Qxe5+ Be7 6. b3 Nf6 7. Bb5+ Bd7 8. a4 0-0 9. Ne2 Re8 10. Qc3 Bd6 11. Bxd7 Qxd7 12. Qf3 Qe7 13. d4 Nc6 14. c3 Rac8 15. Ra2 Nxd4 16. Qd3 Nxb3 17. 0-0 Bc5+ 18. Kh1 Ng4 19. Ba3 Qh4 0-1

[Event "Regionalliga SO 9899"]
[Site "Bayern"]
[Date "1999.??.??"]
[Round "4.2"]
[White "Fruehauf, Norbert"]
[Black "Richter, Martin"]
[Result "0-1"]
[WhiteElo "1830"]
[BlackElo "1970"]
[PlyCount "102"]
[EventDate "1998.??.??"]
[EventType "team-tourn"]
[EventRounds "9"]
[EventCountry "GER"]
[SourceTitle "EXT 2020"]
[Source "ChessBase"]
[SourceDate "2019.10.17"]
[SourceVersion "1"]
[SourceVersionDate "2019.10.17"]
[SourceQuality "1"]
[WhiteTeam "Simbach"]
[BlackTeam "Pang/Rosenheim II"]
[WhiteTeamCountry "GER"]
[BlackTeamCountry "GER"]

1. e4 e5 2. Nf3 Nc6 3. Bb5 a6 4. Ba4 Nf6 5. 0-0 Be7 6. Re1 d6 7. c3 0-0 8. h3 b5 9. Bc2 Nb8 10. d4 Nbd7 11. Nbd2 Bb7 12. Nf1 c5 13. Ng3 g6 14. Bh6 Re8 15. Qd2 Bf8 16. Rad1 Qe7 17. Qg5 Bxh6 18. Qxh6 Qf8 19. Qxf8+ Kxf8 20. dxe5 dxe5 21. Rd6 Ke7 22. Red1 Red8 23. Kf1 Ne8 24. R6d2 f6 25. b4 a5 26. bxc5 Nxc5 27. Rxd8 Rxd8 28. Rxd8 Kxd8 29. Nd2 Nd6 30. f3 Kc7 31. Ke2 b4 32. cxb4 axb4 33. Bb3 Ba6+ 34. Ke3 Nxb3 35. axb3 Nb5 36. f4 Nd4 37. fxe5 fxe5 38. Kf2 Kd6 39. Ngf1 Bxf1 40. Kxf1 Kc5 41. Kf2 Nc2 42. Nf3 Na1 43. Nxe5 Nxb3 44. Ke3 Kb5 45. Nf3 Kc4 46. e5 Nc5 47. g4 b3 48. Nd2+ Kd5 49. Kf4 b2 50. Kg5 Ne4+ 51. Nxe4 Kxe4 0-1

[Event "Regionalliga SO 9899"]
[Site "Bayern"]
[Date "1999.??.??"]
[Round "8.2"]
[White "Hartl, Aldo"]
[Black "Richter, Martin"]
[Result "1-0"]
[WhiteElo "2140"]
[BlackElo "1970"]
[PlyCount "93"]
[EventDate "1998.??.??"]
[EventType "team-tourn"]
[EventRounds "9"]
[EventCountry "GER"]
[SourceTitle "EXT 2020"]
[Source "ChessBase"]
[SourceDate "2019.10.17"]
[SourceVersion "1"]
[SourceVersionDate "2019.10.17"]
[SourceQuality "1"]
[WhiteTeam "Trostberg TSV"]
[BlackTeam "Pang/Rosenheim II"]
[WhiteTeamCountry "GER"]
[BlackTeamCountry "GER"]

1. e4 e5 2. Nf3 Nc6 3. d4 exd4 4. Nxd4 Bc5 5. Be3 Qf6 6. c3 Nge7 7. Bc4 d6 8. 0-0 Qe5 9. Nd2 0-0 10. f4 Qf6 11. N2b3 Bb6 12. Qf3 Kh8 13. Nb5 Be6 14. Bxe6 fxe6 15. Bxb6 axb6 16. Nxc7 Ra4 17. a3 Ng6 18. g3 Qf7 19. Nb5 e5 20. c4 Qxc4 21. Nxd6 Qe6 22. Nf5 exf4 23. Qc3 Rf6 24. Nbd4 Nxd4 25. Nxd4 Qxe4 26. b4 Ra8 27. Rae1 Qd5 28. g4 Qg5 29. h3 Nh4 30. Rf2 h5 31. Ne6 Rxe6 32. Rxe6 hxg4 33. Qe1 g3 34. Rf1 Rg8 35. Re8 f3 36. Rxg8+ Kxg8 37. Qe8+ Kh7 38. Qe4+ Kh6 39. Rxf3 Qc1+ 40. Rf1 Qg5 41. Qf4 Qxf4 42. Rxf4 g5 43. Rf6+ Kh5 44. Rxb6 Nf5 45. Rxb7 g4 46. Rb5 Kg5 47. Rxf5+ 1-0

[Event "Bayern-chB 57th"]
[Site "Bad Neustadt"]
[Date "1986.??.??"]
[Round "8"]
[White "Roth, Norbert"]
[Black "Richter, Martin"]
[Result "0-1"]
[WhiteElo "2200"]
[BlackElo "2120"]
[PlyCount "48"]
[EventDate "1986.08.01"]
[EventType "swiss"]
[EventRounds "9"]
[EventCountry "GER"]
[SourceTitle "EXT 1997"]
[Source "ChessBase"]
[SourceDate "1996.11.15"]
[SourceVersion "1"]
[SourceVersionDate "1996.11.15"]
[SourceQuality "1"]

1. e4 e5 2. Nc3 Nf6 3. Bc4 Nc6 4. Nge2 Nxe4 5. Nxe4 d5 6. Bd3 dxe4 7. Bxe4 Bc5 8. 0-0 Bg4 9. h3 Bh5 10. Qe1 0-0 11. Ng3 Bg6 12. Bxc6 bxc6 13. d3 Bd4 14. Qe2 Rb8 15. Rb1 Qd5 16. b3 f5 17. c4 Qd7 18. Ba3 c5 19. Kh2 f4 20. Ne4 f3 21. gxf3 Bh5 22. Ng3 Bxf3 23. Qd2 Rb6 24. Qg5 Rg6 0-1